000 00463nam a2200181Ia 4500
005 20250326125307.0
008 250326s9999 xx 000 0 und d
037 _aTextbook
040 _aFMSL
_beng
_cFMSL
041 _aeng
_2eng
084 _aX65 K9
_qFMSL
100 _aRubner A
_9738823
245 0 _aEnsnaredshareholder
_cRubner A
260 _aNY
_bNY, Macmillan
_c1965
300 _a210p
942 _cTB
_hX65 K9
999 _c1277396
_d1277396